000 01071nji a22002897a 4500
005 20100916152437.0
006 a|||||r|||||00| 0
007 sd ammalaaahaa
008 100830t xxu||||| |||| 00| 0 eng d
028 _aTAE.1220
_bOdeon
035 _aGR-02994
040 _aSED
_cSED
100 _917455
_aBhosle, Asha
245 _aDo-badan /
_csung by Asha Bhosle; music dtn by Ravi; lyrics by Shakeel Badayuni
_h[sound recording] :
246 _aदो-बदन /
260 _aDum Dum, India
_bOdeon
_c1965
300 _a1 sound disc [Gramophone Recording]:
_banalog, 45 rpm
_c7.5 in. (SP)
_fGramophone Record
500 _aBrief Record
500 _aRecord labels : ODEON, Black
505 _aSide-1 (Mat jaiyo nokariya chhod ke) (Asha Bhosle) Side-2 (Raha gardishon me hardam) (Mohammad Rafi)
600 _aBhosle, Asha
_920359
650 _aFilm Song
_zIndia
_91186
_xExcerpts
700 _aRavi
_920360
700 _aBadayuni, Shakeel
_920361
942 _2ddc
_cGR
999 _c46289
_d46289